| 000 | 01022cgm a2200265 4500 | ||
|---|---|---|---|
| 001 | B3046 | ||
| 008 | 090401t1986 xxu||||| |||| 00| 0 eng d | ||
| 035 | _a(Sirsi) u53715 | ||
| 041 | 0 | _aeng | |
| 050 | 0 | 4 | _a347.4109 $2 18 |
| 100 | 1 | _aPlumbe, Graham | |
| 245 | 0 | 0 |
_aReviewing rents by arbitration _h[sound recording] |
| 260 |
_aLondon _bRICS _aReading _bCollege of Estate Management _c1986 |
||
| 300 |
_a1 _fsound cassette (ca. 60 min.) |
||
| 350 | _a10 | ||
| 490 | 0 | _aOwlion Audio Programme | |
| 520 | _aExplains some of the finer points of arbitration, and answers some of the controversial problems posed. | ||
| 520 | _aWithdrawn February 2007. | ||
| 651 | 4 |
_aEngland and Wales _y1543- |
|
| 690 | _aMANAGEMENT-DISPUTE AVOIDANCE, MANAGEMENT AND RESOLUTION-DISPUTE MANAGEMENT AND RESOLUTION-ARBITRATION | ||
| 700 | 2 | _aDenyer-Green, Barry P. D. | |
| 856 | 4 | 8 |
_uhttps://194.154.180.3/uhtbin/cgisirsi.exe/0/0/0/1/117/X/ _zAudio Visual materials can only be used in the library. |
| 942 | _n0 | ||
| 948 | _c04/03/1997 | ||
| 999 |
_c85269 _d85269 |
||